000 00691cam a2200157 4500500
005 20260201115213.0
041 _afre
042 _adc
100 1 0 _aHeriard Dubreuil, Bertrand
_eauthor
245 0 0 _aPascal Verbèke & Plantu, Dernières tentatives de dialogue avant émeutes, Ed. de l’Atelier, 2007, 80 p., 4,90 €
260 _c2007.
500 _a83
520 _aResumé Ferdinando Fava, Banlieue de Palerme, une version sicilienne de l’exclusion urbaine, l’Harmattan, 2007, 382 p., 31 €
786 0 _nRevue Projet | 300 | 5 | 2007-08-01 | p. 092g-094g | 0033-0884
856 4 1 _uhttps://shs.cairn.info/revue-projet-2007-5-page-092g?lang=fr&redirect-ssocas=7080
999 _c1641755
_d1641755